[Event "Wch Seniors 50 24th"]
[Site "Katerini"]
[Date "2014.11.04"]
[Round "11"]
[White "Bobke, Laurenz"]
[Black "Wilson, F Leon"]
[Result "1-0"]
[WhiteElo "1715"]
[BlackElo "1572"]
[PlyCount "107"]
[EventDate "2014.10.24"]
[EventType "swiss"]
[EventRounds "11"]
[EventCountry "GRE"]
[SourceTitle "EXT 2015"]
[Source "ChessBase"]
[SourceDate "2014.11.20"]
[SourceVersion "1"]
[SourceVersionDate "2014.11.20"]
[SourceQuality "1"]

1. d4 Nf6 2. Bf4 c5 3. d5 d6 4. Nc3 g6 5. e4 Bg7 6. Nf3 Qb6 7. Rb1 0-0 8. Be2 Nbd7 9. 0-0 a6 10. a3 Qc7 11. Re1 b5 12. Bf1 Nh5 13. Bc1 Ne5 14. h3 f5 15. Nxe5 Bxe5 16. exf5 Bd4 17. Be3 Bxe3 18. Rxe3 Rxf5 19. g4 Rg5 20. Ne4 Re5 21. gxh5 Rxh5 22. Rg3 Bf5 23. Qxh5 Bxe4 24. Rc1 Rf8 25. Bg2 Kh8 26. Qe2 Bf5 27. Re3 Rf7 28. Re1 e6 29. dxe6 Re7 30. c3 c4 31. Bd5 Qc5 32. Qf3 a5 33. Bc6 Kg7 34. Bd7 Qa7 35. Qc6 Qb8 36. Qxb5 Qa7 37. Qxc4 Qb8 38. Qh4 Qf8 39. Qd4+ Kg8 40. Qxd6 Qf6 41. Qb8+ Kg7 42. Qe5 h5 43. Qxf6+ Kxf6 44. h4 a4 45. c4 g5 46. hxg5+ Kxg5 47. c5 Rg7 48. Rg3+ Bg4 49. f3 Kf4 50. Kh2 Rh7 51. fxg4 hxg4+ 52. Kg2 Rh5 53. e7 Rxc5 54. Rxg4# 1-0

[Event "Wch Seniors 23rd"]
[Site "Opatija"]
[Date "2013.11.21"]
[Round "9"]
[White "Barkman, Rolf"]
[Black "Wilson, F Leon"]
[Result "1-0"]
[WhiteElo "1867"]
[BlackElo "1591"]
[PlyCount "95"]
[EventDate "2013.11.12"]
[EventType "swiss"]
[EventRounds "11"]
[EventCountry "CRO"]
[SourceTitle "CBM 157 Extra"]
[Source "ChessBase"]
[SourceDate "2013.12.19"]
[SourceVersion "1"]
[SourceVersionDate "2013.12.19"]
[SourceQuality "1"]

1. e4 c5 2. f4 Nc6 3. Nc3 g6 4. a4 Bg7 5. Bc4 e6 6. Nf3 b6 7. e5 Bb7 8. Ne4 Bf8 9. Ng3 Bg7 10. c3 Nge7 11. Ne4 0-0 12. Nd6 Qc7 13. 0-0 Na5 14. Ba2 Ba6 15. d3 Nb7 16. Ne4 d5 17. Neg5 h6 18. Nh3 Na5 19. b4 cxb4 20. cxb4 Nf5 21. bxa5 Qc3 22. Bd2 Qxd3 23. Re1 Bb7 24. axb6 axb6 25. Rb1 Qa6 26. Rb4 Qa7 27. Kh1 Bc6 28. Bb3 Rfc8 29. Nhg1 Bf8 30. g4 Bxb4 31. Bxb4 Ng7 32. Nd4 Bxa4 33. Ngf3 Bd7 34. h4 h5 35. Ng5 b5 36. f5 hxg4 37. fxe6 fxe6 38. Qxg4 Qb6 39. Rf1 Nh5 40. Ngxe6 Ng7 41. Bxd5 Bc6 42. Nxc6 Rxc6 43. Nd8+ Kh7 44. Nxc6 Re8 45. Rf6 Qe3 46. Qxg6+ Kh8 47. Qh6+ Qxh6 48. Rxh6# 1-0

[Event "US Open-114"]
[Site "Middleton"]
[Date "2013.07.31"]
[Round "5"]
[White "Wilson, F Leon"]
[Black "Rehmeier, Thomas R"]
[Result "1/2-1/2"]
[WhiteElo "1591"]
[BlackElo "2036"]
[PlyCount "109"]
[EventDate "2013.07.27"]
[EventType "swiss"]
[EventRounds "9"]
[EventCountry "USA"]
[SourceTitle "CBM 155 Extra"]
[Source "ChessBase"]
[SourceDate "2013.08.26"]
[SourceVersion "1"]
[SourceVersionDate "2013.08.26"]
[SourceQuality "1"]

1. d4 Nf6 2. c4 c5 3. d5 b5 4. cxb5 a6 5. b6 Qxb6 6. Nc3 g6 7. g3 Bg7 8. Bg2 d6 9. Nf3 0-0 10. 0-0 Nbd7 11. a4 Bb7 12. Ra3 Rfb8 13. Rb3 Qc7 14. Nd2 c4 15. Ra3 Nb6 16. e4 Nfd7 17. a5 Nc8 18. Qe2 Ne5 19. f4 Nd3 20. Ra4 Na7 21. Rxc4 Nxc1 22. Rxc7 Nxe2+ 23. Nxe2 Nb5 24. Rc2 Nd4 25. Nxd4 Bxd4+ 26. Kh1 Bc8 27. Rb1 Ra7 28. Bf1 f5 29. Nf3 Bc5 30. e5 Bd7 31. b3 Bb5 32. Bc4 Bxc4 33. Rxc4 Rab7 34. Rc3 Rb5 35. Ng5 Rxa5 36. Ne6 Bb6 37. Rd1 Rb5 38. exd6 exd6 39. Rdd3 Kf7 40. Rc6 Ke7 41. Ng5 h6 42. Ne6 Kd7 43. h3 Rxd5 44. Rxb6 Rxd3 45. Rxb8 Kxe6 46. Kg2 Rd2+ 47. Kf3 Rd3+ 48. Kg2 Rc3 49. Ra8 Rxb3 50. Rxa6 Rc3 51. g4 fxg4 52. hxg4 h5 53. f5+ gxf5 54. gxf5+ Kxf5 55. Rxd6 1/2-1/2

[Event "World Amateur-ch"]
[Site "Iasi"]
[Date "2013.04.26"]
[Round "5"]
[White "Ahlqvist, Esa"]
[Black "Wilson, F Leon"]
[Result "1-0"]
[WhiteElo "1859"]
[BlackElo "1655"]
[PlyCount "63"]
[EventDate "2013.04.22"]
[EventType "swiss"]
[EventRounds "9"]
[EventCountry "ROU"]
[SourceTitle "CBM 154 Extra"]
[Source "ChessBase"]
[SourceDate "2013.06.25"]
[SourceVersion "2"]
[SourceVersionDate "2013.06.25"]
[SourceQuality "1"]

1. e4 c5 2. d4 cxd4 3. Nf3 a6 4. Nxd4 Nf6 5. Nc3 e5 6. Nde2 Bb4 7. Bg5 d6 8. a3 Ba5 9. Qd3 h6 10. Bh4 Be6 11. 0-0-0 Bc7 12. f4 Nc6 13. f5 Bd7 14. Nd5 Rc8 15. Ng3 h5 16. c3 Ba5 17. Be2 Nd4 18. Nxh5 Nxe2+ 19. Qxe2 Bb5 20. Nhxf6+ gxf6 21. Qg4 Be2 22. Qg3 Rxh4 23. Qxh4 Bxd1 24. Nxf6+ Ke7 25. Rxd1 Rc5 26. b4 Bxb4 27. axb4 Rc4 28. Ng4+ Kd7 29. Rxd6+ Kxd6 30. Qxd8+ Kc6 31. Nxe5+ Kb5 32. Qa5# 1-0

[Event "World Amateur-ch"]
[Site "Neos Marmaras"]
[Date "2012.04.16"]
[Round "1"]
[White "Tsakiris, Haralambos"]
[Black "Wilson, F Leon"]
[Result "1-0"]
[WhiteElo "1956"]
[BlackElo "1671"]
[PlyCount "127"]
[EventDate "2012.04.16"]
[EventType "swiss"]
[EventRounds "9"]
[EventCountry "GRE"]
[SourceTitle "CBM 148 Extra"]
[Source "ChessBase"]
[SourceDate "2012.06.22"]
[SourceVersion "1"]
[SourceVersionDate "2012.06.22"]
[SourceQuality "1"]

1. d4 d5 2. c4 Nf6 3. cxd5 Nxd5 4. e4 Nf6 5. Nc3 e6 6. Nf3 c5 7. d5 Be7 8. d6 Qxd6 9. Qxd6 Bxd6 10. e5 Be7 11. exf6 Bxf6 12. Ne4 Be7 13. Be3 b6 14. Bb5+ Bd7 15. Bxd7+ Nxd7 16. 0-0-0 Nf6 17. Nxf6+ Bxf6 18. Bg5 Bxg5+ 19. Nxg5 0-0 20. Rd7 h6 21. Ne4 Rfd8 22. Rhd1 Rxd7 23. Rxd7 Kf8 24. Nd6 f6 25. Rf7+ Kg8 26. Re7 Kf8 27. Rxe6 Rd8 28. g4 Rb8 29. a4 a6 30. Kc2 b5 31. b3 Kg8 32. Re8+ Rxe8 33. Nxe8 bxa4 34. bxa4 Kf7 35. Nd6+ Ke6 36. Nb7 Kd5 37. Kd3 Kc6 38. Na5+ Kd5 39. Nc4 g6 40. f4 g5 41. f5 Kc6 42. Ke4 Kd7 43. Kd5 Kc7 44. Kxc5 Kb7 45. Kd6 Kc8 46. a5 Kd8 47. Nb6 Ke8 48. Nd5 Kf7 49. Kd7 h5 50. h3 h4 51. Kd8 Kg7 52. Ke7 Kh6 53. Kxf6 Kh7 54. Kxg5 Kg7 55. f6+ Kf7 56. Kf5 Ke8 57. Ke6 Kf8 58. f7 Kg7 59. Ke7 Kh7 60. f8Q Kg6 61. Qf7+ Kh6 62. g5+ Kxg5 63. Qf6+ Kh5 64. Nf4# 1-0